Statistics for Modern administrative counties of England

Click here to take the quiz!

General Stats

  • This quiz has been taken 36 times
    (20 since last reset)
  • The average score is 37 of 90

Answer Stats

Authority% Correct
Bedford
71%
Cornwall
71%
Derby
71%
Essex
71%
Greater London
71%
Kent
71%
Lincolnshire
71%
Buckinghamshire
64%
Devon
64%
East Sussex
64%
Greater Manchester
64%
Hampshire
64%
Herefordshire
64%
Leicester
64%
Northumberland
64%
Nottingham
64%
Rutland
64%
Tyne and Wear
64%
Warwickshire
64%
West Midlands
64%
West Sussex
64%
Worcestershire
64%
Cumbria
57%
Dorset
57%
Lancashire
57%
Merseyside
57%
Norfolk
57%
North Yorkshire
57%
Somerset
57%
South Yorkshire
57%
Suffolk
57%
Surrey
57%
West Yorkshire
57%
Bristol
50%
Cambridgeshire
50%
County Durham
50%
East Yorkshire
50%
Gloucestershire
50%
Isle of Wight
50%
Oxfordshire
50%
Cheshire East
43%
Cheshire West
and Chester
43%
Hertfordshire
43%
Leicestershire
43%
Nottinghamshire
43%
Shropshire
43%
Staffordshire
43%
Wiltshire
43%
York
43%
Derbyshire
36%
Portsmouth
36%
Stoke-on-Trent
36%
Bournemouth,
Christchurch and Poole
29%
Isles of Scilly
29%
Kingston upon Hull
29%
Milton Keynes
29%
North Northamptonshire
29%
Plymouth
29%
Reading
29%
Slough
29%
Southampton
29%
Southend-on-Sea
29%
Swindon
29%
West Northamptonshire
29%
Bath and North
East Somerset
21%
Blackpool
21%
Brighton and Hove
21%
Central Bedfordshire
21%
Luton
21%
Medway
21%
Peterborough
21%
South Gloucestershire
21%
Telford and Wrekin
21%
Thurrock
21%
Torbay
21%
Blackburn with Darwen
14%
Bracknell Forest
14%
Darlington
14%
Hartlepool
14%
Middlesbrough
14%
North East
Lincolnshire
14%
North Lincolnshire
14%
North Somerset
14%
Redcar and Cleveland
14%
Stockton-on-Tees
14%
Warrington
14%
West Berkshire
14%
Windsor and
Maidenhead
14%
Wokingham
14%
Halton
7%

Score Distribution

Percentile by Number Answered

Percent of People with Each Score

Your Score History

You have not taken this quiz since the last reset